Obnoviteľné zdroje energie v energetickej politike Európskej únie
EÚ sa vo svojich programoch zaviazala zvýšiť využívanie obnoviteľných zdrojov energie. Tieto majú prispieť k rozšíreniu politík EÚ v oblasti bezpečnosti dodávok energie a konkurencieschopnosti priemyslov EÚ. Aj napriek tomu, že využívanie fosílnych palív a atómovej energie bude v blízkej budúcnosti...
Saved in:
| Main Author: | |
|---|---|
| Format: | Book Chapter |
| Language: | Slovak |
| Subjects: | |
| Tags: |
No Tags, Be the first to tag this record!
|
MARC
| LEADER | 00000nla$a2200000$$$4500 | ||
|---|---|---|---|
| 001 | 0065427 | ||
| 005 | 20240502071755.7 | ||
| 041 | 0 | |a slo | |
| 044 | |a SK | ||
| 245 | 1 | 0 | |a Obnoviteľné zdroje energie v energetickej politike Európskej únie |c Richard Woltemar |
| 520 | |a EÚ sa vo svojich programoch zaviazala zvýšiť využívanie obnoviteľných zdrojov energie. Tieto majú prispieť k rozšíreniu politík EÚ v oblasti bezpečnosti dodávok energie a konkurencieschopnosti priemyslov EÚ. Aj napriek tomu, že využívanie fosílnych palív a atómovej energie bude v blízkej budúcnosti hrať hlavnú úlohu, EÚ by mala pomôcť uvedeniu obnoviteľnej energie do praxe. Aj napriek relatívne vyšším nákladom, klimatickým a geografickým obmedzeniam, je to lákavý variant na diverzifikáciu dodávok energií EÚ. Obnoviteľné zdroje sú dostupné lokálne, prinášajú so sebou environmentálne benefity vo forme znižovania emisií skleníkových plynov a predstavujú bezpečnú budúcnosť. | ||
| 610 | 2 | 0 | |a zdroje energie obnoviteľné |
| 610 | 2 | 0 | |a energia geotermálna |
| 610 | 2 | 0 | |a energia slnečná |
| 610 | 2 | 0 | |a energia veterná |
| 610 | 2 | 0 | |a energia vodná |
| 610 | 2 | 0 | |a dodávky |
| 610 | 2 | 0 | |a energia |
| 610 | 2 | 0 | |a politika |
| 610 | 2 | 0 | |a bezpečnosť |
| 610 | 2 | 0 | |a Európska únia |
| 100 | 1 | |a Woltemar, Richard | |